| 000 | 00345nam a2200145Ia 4500 | ||
|---|---|---|---|
| 008 | 230312s9999||||xx |||||||||||||| ||und|| | ||
| 020 | _a076457213X | ||
| 082 |
_a005.8 _bMCC-C |
||
| 100 | _aSmith,Clint | ||
| 245 | 0 | _a3G wireless networks | |
| 260 |
_bWiley _aUSA _c2004 |
||
| 300 | _a268 | ||
| 650 |
_aComputer _vSecurity Measures |
||
| 942 | _cBK | ||
| 999 |
_c16811 _d16811 |
||